| 000 | 00965nam a22001457a 4500 | ||
|---|---|---|---|
| 999 |
_c524424 _d524424 |
||
| 008 | 231114b ||||| |||| 00| 0 eng d | ||
| 100 |
_aSakthivel, M., Kumar, S.S. and Krishnan, C.G. _946054 |
||
| 245 | _aProtection and rehabilitation of manual scavengers in India: A critical analysis | ||
| 260 | _aJournal of the Indian Law Institute | ||
| 300 | _a64(3), Jul-Sep, 2023: p.281-313 | ||
| 520 | _aProtection and rehabilitation of manual scavengers in India: A critical analysis The government of India has been laying emphasis on sanitation and has hundred mass campaigns like “Swachatha Abiyan’, Cleanliness and satiation have a significant role in improving the overall standards of living of the people. Any effort to address the problem of sanitation requires greater understanding and analysis of the complex issues around sanitation. – Reproduced | ||
| 773 | _aJournal of the Indian Law Institute | ||
| 906 | _aSCAVENGING | ||
| 942 | _cAR | ||